000 00887nam a2200253Ia 4500
003 OSt
005 20220923223301.0
006 a|||||r|||| 00| 0
007 ta
008 220922b |||||||| |||| 00| 0 hin d
024 _a212,792
037 _cTextual
040 _aARTS
_cARTS
_bhin
041 _2hin
_ahin
082 _aO152,3N234:g, M1
100 _aपंजाबी, शशिबाला
_9156271
245 0 _aशिवानी के उपन्यासों का रचना विधान
246 _aShivānī ke upanyāsoan kā rachanā vidhāna
260 _aजयपुर
_b देवनागर प्रका0
_c1981
300 _a108पृ.
_ccm.
650 _aहिन्दी साहित्य
_9156264
942 _hO152,3N234:g, M1
_cTEXL
_2CC
999 _c363066
_d363066